Pokémon- Sixième Champion d'Arène - Statistiques

Statistiques générales
  • Ce quiz a été pris 62 fois
    34 depuis la dernière actualisation
  • Le résultat moyen est 47 sur 68
Statistiques - réponses
Champions Versions Pokémon % Correct
RB Alakazam
100%
RS Altaria
100%
DP Bastiodon
100%
Alizée RS Bekipan
100%
BDSP Bekipan
100%
Carolina NB Déflaisan
100%
RS Hélédelle
100%
HGSS Magnéton
100%
Pla Magnéton
100%
XY Nymphali
100%
OA Steelix
100%
Charles DP Steelix
100%
HGSS Airmure
95%
RS Airmure
95%
Pla Airmure
95%
N2B2 Airmure
95%
RB Kadabra
95%
NB Lakmécygne
95%
Jasmine OA Magnéti
95%
Valériane XY Mysdibule
95%
HGSS Archéodong
90%
BDSP Archéodong
90%
LGPE Flagadoss
90%
Morgane RB M.Mime
90%
XY M.Mime
90%
J Abra
86%
LGPE Hypnomade
86%
NB Rhinolove
86%
E Tropius
86%
DP Archéomire
81%
Épée Monthracite
81%
Pla Galeking
76%
HGSS Magnézone
76%
Pla Magnézone
76%
EV Tomberro
76%
B Bekaglaçon
71%
B Beldeneige
71%
OA Mentali
71%
RB Aéromite
67%
Épée Dolman
67%
B Lokhlass
67%
HGSS Lippoutou
62%
BDSP Cizayox
57%
HGSS Métalosse
57%
BDSP Métalosse
57%
Lona B Darumacho de Galar
52%
E Noarfang
52%
EV Salarsen forme Grave
52%
E Tylton
52%
B M.Glaquette
48%
HGSS Pingoléon
48%
BDSP Pingoléon
48%
EV Spiritomb
48%
Chaz Épée Caratroc
43%
N2B2 Cryptéro
43%
HGSS Gallame
43%
HGSS Qulbutoké
43%
Laïm EV Branette
38%
Épée Tyranocif
38%
E Draco
33%
E Dracolosse
33%
Épée Golgopathe
33%
EV Mimiqui
29%
E Hoothoot
24%
E Minidraco
24%
EV(Disque Indigo) Golemastoc
19%
BDSP Heatran
14%
BDSP Sulfura
14%
Aucun quiz correspondant
Distribution des résultats
% des personnes avec chaque résultat
Percentile par nombre de réponses
Votre historique - résultats
Vous n’avez pas pris ce quiz depuis la dernière actualisation